La madona de las siete lunas /

Guardado en:
Autor Principal: Lawrence, Margery
Formato: Libro
Publicado: España : Planeta, 1966
Materias:
Etiquetas: Agregar Etiqueta
Sin Etiquetas, Sea el primero en etiquetar este registro!
LEADER 00476nam a22001815a 4500
001 CEM.cems003770
005 19000101000000.0
008 130507s1966##################000#0#####d
003 CEMS
082 0 4 |a 823.9 
100 1 |a Lawrence, Margery 
245 1 0 |a La madona de las siete lunas / 
260 |a España :  |b Planeta,  |c 1966 
300 |a 409 p. 
653 |a Literatura 
653 |a Novela inglesa 
653 |a Novelas 
859 |a CEMS  |b BIB. CEMS - 11 de abril  |h 823.9  |i L433  |p 4671.75  |t Ej.1